01510 a2200337 45000010006000000050017000060080041000230030015000640400040000790800055001192450045001740200022002192640043002413000019002845050444003030410008007471000026007557000021007817000024008027000021008267000026008477000025008737000019008987000031009177000020009487000030009687000019009987000034010177000022010518560099010734774420260407155744.0260407a2015 arg spa dAR-UNSa-BCEJYS aAR-UNSa-BCEJYSbspacAR-UNSa-BCEJYS a658.012.32xFormas de organización, de gestión10aGestión de empresas. Sector Industrial a978-987-716-040-6 1aBuenos Aires :bOsmar D. Buyattic2015 a500 p.c22 cm. a1. Gestión de industrias azucareras - 2. Gestión de industrias productoras de biocombustibles - 3. Gestión de industrias citrícolas - 4. Gestión de empresas constructoras - 5. Gestión de industrias frigoríficas - 6. Gestión de industrias lácteas - 7. Gestión de industrias metalmecanicas - 8. Gestión de industrias del mueble - 9. Gestión de industrias petroquímicas - 10. Gestión de industrias textiles laneras aspa1 aYardin, Amaro Ramón1 aSota, Aldo Mario1 aSota, Gustavo Ariel1 aPeralta, Natalia1 aAlessandro, José M.1 aDi Stefano, Victorio1 aPuccio, José1 aCartier, Enrique Nicolás1 aDi Renzo, Diego1 aDemonte, Norberto Gabriel1 aZoff, Hernán1 aPodmoguilnye, Marcelo Gustavo1 aKuster, Christian41uhttps://www.biblioeco.unsa.edu.ar/pmb/images/libros/L127667.jpgyImagen de portadaqimage/jpeg